Southville International School and Colleges
Your cart is empty.
  • Cart
  • Lists
    Public lists Eva Luna New books Lux_list list_1
    Your lists Log in to create your own lists
  • Log in to your account
  • Your cookies
  • Search history
Southville International School and Colleges
  • Advanced search
  • Recent comments
  • Most popular
  • Libraries

Log in to your account

Log in with GOOGLE


If you do not have an external account, but do have a local account, you can still log in:

  1. Home
  2. MARC view: Bears' vacation (The) /
Normal view MARC view ISBD view

Bears' vacation (The) / (Record no. 104926)

[ view plain ]
MARC details
000 -LEADER
fixed length control field 00525nam a2200193 a 4500
005 - DATE AND TIME OF LATEST TRANSACTION
control field 20140412111331.0
008 - FIXED-LENGTH DATA ELEMENTS--GENERAL INFORMATION
fixed length control field 030207s19uu xx 00 eng d
020 ## - INTERNATIONAL STANDARD BOOK NUMBER
International Standard Book Number 0-394-80052-4
050 ## - LIBRARY OF CONGRESS CALL NUMBER
Classification number ER
Item number Be38 1968
100 ## - MAIN ENTRY--PERSONAL NAME
Personal name Berenstain, Stan
245 ## - TITLE STATEMENT
Title Bears' vacation (The) /
Statement of responsibility, etc by Stan and Jan Berenstain.
260 ## - PUBLICATION, DISTRIBUTION, ETC. (IMPRINT)
Place of publication, distribution, etc New York :
Name of publisher, distributor, etc Beginner Book,
Date of publication, distribution, etc 1968.
300 ## - PHYSICAL DESCRIPTION
Extent 63 p. ; ill.
440 ## - SERIES STATEMENT/ADDED ENTRY--TITLE
Title Beginner Books, B-52
650 ## - SUBJECT ADDED ENTRY--TOPICAL TERM
Topical term or geographic name as entry element Bears-Fiction
650 ## - SUBJECT ADDED ENTRY--TOPICAL TERM
Topical term or geographic name as entry element Vacation--Fiction
Holdings
Withdrawn status Lost status Damaged status Use restrictions Home library Current library Shelving location Date acquired Source of acquisition Total Checkouts Full call number Barcode Date last seen Price effective from Koha item type
        Elizalde Library Elizalde Library Easy Reading Section 02/07/2003     ER Be38 1968 E9061 04/12/2014 04/12/2014 Books
        Elizalde Library Elizalde Library Easy Reading Section 04/14/2003     ER Be38 1968 E3981 04/12/2014 04/12/2014 Books

Bears' vacation (The) /

APA

Berenstain S., . (1968). Bears' vacation (The). New York: Beginner Book.

Chicago

Berenstain Stan, . 1968. Bears' vacation (The). New York: Beginner Book.

Harvard

Berenstain S., . (1968). Bears' vacation (The). New York: Beginner Book.

MLA

Berenstain Stan, . Bears' vacation (The). New York: Beginner Book. 1968.

  • Place hold
  • Print
  • Cite
  • Add to your cart (remove)
  • Save record
    BIBTEX Dublin Core MARCXML MARC (non-Unicode/MARC-8) MARC (Unicode/UTF-8) MARC (Unicode/UTF-8, Standard) MODS (XML) RIS
  • More searches
    Search for this title in:
    Other Libraries (WorldCat) Other Databases (Google Scholar) Online Stores (Bookfinder.com) Open Library (openlibrary.org)

Exporting to Dublin Core...

SOUTHVILLE LIBRARY

Southville International School and Colleges Library

1281 Tropical Ave. Cor. Luxembourg St., BF Homes International, Las Pinas City

Tel. No. 8256374 / 252358 Loc. 117/146

Powered by Koha